书目信息 |
| 题名: |
建筑制图与阴影透视习题集
|
|
| 作者: | 谭伟建 主编 | |
| 分册: | ||
| 出版信息: | 北京 中国建筑工业出版社 2008 |
|
| 页数: | 105页 | |
| 开本: | 20cm | |
| 丛书名: | ||
| 单 册: | ||
| 中图分类: | TU204.2-44 | |
| 科图分类: | ||
| 主题词: | 建筑设计 | |
| 电子资源: | ||
| ISBN: | 7-112-09848-3 | |
| 000 | 00799nam0 2200217 450 | |
| 001 | 1831608479 | |
| 005 | 20180426084850.01 | |
| 010 | @a7-112-09848-3@dCNY38.00 | |
| 100 | @a20180426d2008 km y0chiy0120 ea | |
| 101 | 0 | @achi |
| 102 | @aCN@b110000 | |
| 200 | 1 | @a建筑制图与阴影透视习题集@Ajian zhu zhi tu yu yin ying tou shi xi ti ji@e(建筑设计、城镇建设、建筑装饰技术专业适用)@f谭伟建主编@Ftan wei jian zhu bian |
| 205 | @a2版 | |
| 210 | @a北京@c中国建筑工业出版社@d2008 | |
| 215 | @a105页@d20cm | |
| 517 | 1 | @a(建筑设计、城镇建设、建筑装饰技术专业适用)@A(jian zhu she ji、cheng zhen jian she、jian zhu zhuang shi ji shu zhuan ye shi yong) |
| 606 | 0 | @a建筑设计 |
| 690 | @aTU204.2-44@v4 | |
| 701 | 0 | @a谭伟建@Atan wei jian@4主编 |
| 801 | 0 | @aCN@bMUSE@c20180426 |
| 905 | @aMUSE@dTU204.2-44@eT132=2 | |
| 建筑制图与阴影透视习题集:(建筑设计、城镇建设、建筑装饰技术专业适用)/谭伟建主编.-2版.-北京:中国建筑工业出版社,2008 |
| 105页;20cm |
| ISBN 7-112-09848-3:CNY38.00 |
| ● |
| 相关链接 |
|
|
|
正题名:建筑制图与阴影透视习题集
索取号:TU204.2-44/T132=2
 
预约/预借
| 序号 | 登录号 | 条形码 | 馆藏地/架位号 | 状态 | 备注 |
| 1 | 1298885 | 212988855 | 建筑与城市规划学院资料室/ [索取号:TU204.2-44/T132=2] | 在馆 |